[Event "Interclubs Adultes"]
[Site "?"]
[Date "2004.02.01"]
[Round "5.3"]
[White "Laurain, Francis"]
[Black "Isoardo, Jean-Luc"]
[Result "1-0"]
[WhiteElo "1820"]
[BlackElo "1710"]
[PlyCount "77"]
[EventDate "2004.??.??"]

1. Nf3 Nf6 2. c4 e6 3. g3 d5 4. Bg2 c5 5. O-O Nc6 6. d3 Be7 7. Bf4 O-O 8. Ne5
Nxe5 9. Bxe5 Nd7 10. Bc3 d4 11. Bd2 e5 12. Na3 Nf6 13. Nc2 Rb8 14. a3 b5 15.
cxb5 Rxb5 16. b4 Rb8 17. f4 Bb7 18. fxe5 Bxg2 19. exf6 Bxf1 20. fxe7 Qxe7 21.
Qxf1 Rfe8 22. Re1 Rbc8 23. Qf4 cxb4 24. Bxb4 Qb7 25. Nxd4 a5 26. Bxa5 Qa7 27.
Bb4 Rcd8 28. e3 Qd7 29. Rc1 Rc8 30. Rc4 g6 31. Kg2 Qb7+ 32. Qf3 Qd7 33. h4 h5
34. Qf4 Kh7 35. Bc3 Qe7 36. Nf3 Rxc4 37. dxc4 f5 38. Ng5+ Kg8 39. Qd4 1-0

[Event "Interclubs Adultes"]
[Site "?"]
[Date "2004.02.01"]
[Round "5.4"]
[White "Martin, Jean-Yves"]
[Black "Ravot, Cyril"]
[Result "1-0"]
[WhiteElo "1740"]
[BlackElo "1790"]
[PlyCount "87"]
[EventDate "2004.??.??"]

1. d4 d6 2. c4 Nf6 3. Nc3 Bf5 4. Nf3 Nbd7 5. Bf4 Nh5 6. Bc1 e5 7. e4 Bg6 8. Be3
Be7 9. Be2 O-O 10. g4 Nhf6 11. Nd2 exd4 12. Bxd4 c5 13. Be3 Qa5 14. Qc2 Ne5 15.
h3 Qc7 16. f4 Nc6 17. f5 Nb4 18. Qb1 d5 19. fxg6 fxg6 20. cxd5 Nd7 21. Nf3 Rxf3
22. Bxf3 Qg3+ 23. Ke2 Rf8 24. Rf1 Ne5 25. Qe1 Rxf3 26. Qxg3 Rxg3 27. Rf2 Nc2
28. Bf4 Rxh3 29. Bxe5 Nxa1 30. d6 Bg5 31. Nd5 h5 32. Ne7+ Kh7 33. gxh5 gxh5 34.
Rf7 Bh6 35. d7 Re3+ 36. Kf2 Rd3 37. Nd5 Rd2+ 38. Kg3 Rd3+ 39. Rf3 h4+ 40. Kg4
Rd1 41. d8=Q Rg1+ 42. Kf5 Nc2 43. Ne7 Rg5+ 44. Ke6 1-0

[Event "Interclubs Adultes"]
[Site "?"]
[Date "2004.02.01"]
[Round "5.5"]
[White "Midrouillet, Jean-Michel"]
[Black "Sassier, Bernard"]
[Result "1-0"]
[WhiteElo "1680"]
[BlackElo "1580"]
[PlyCount "80"]
[EventDate "2004.??.??"]

1. e4 c6 2. f4 d5 3. e5 Bf5 4. d4 e6 5. Bd3 Bxd3 6. Qxd3 Nd7 7. Nf3 c5 8. c3 c4
9. Qc2 Nh6 10. b3 b5 11. a4 Qb6 12. axb5 Qxb5 13. b4 Be7 14. O-O Nf5 15. Qa4
Qb7 16. Qa6 Qxa6 17. Rxa6 O-O 18. Rf2 Nb8 19. Ra4 Rc8 20. Rfa2 Rc7 21. Na3 Rb7
22. Nc2 Bd8 23. g4 Ne7 24. Ne3 Nd7 25. f5 exf5 26. gxf5 f6 27. e6 Nf8 28. Re2
Bc7 29. Nh4 Bf4 30. Ba3 Bg5 31. Nhg2 Rb5 32. Ra5 Rxa5 33. bxa5 Bxe3+ 34. Nxe3
Nc6 35. Nxd5 Re8 36. e7 Nd7 37. Nc7 Rxe7 38. Bxe7 Nxa5 39. Bb4 Nb3 40. Re8+ Kf7
1-0

[Event "Interclubs Adultes"]
[Site "?"]
[Date "2004.02.01"]
[Round "5.6"]
[White "Lenglet, Francis"]
[Black "Parard, Sylvain"]
[Result "1/2-1/2"]
[WhiteElo "1320"]
[BlackElo "1499"]
[PlyCount "128"]
[EventDate "2004.??.??"]

1. e4 c6 2. d4 d5 3. Nc3 dxe4 4. Nxe4 Bf5 5. Ng3 Bg6 6. Nf3 Nf6 7. Bd3 Bxd3 8.
Qxd3 e6 9. Bg5 Nbd7 10. O-O Be7 11. Ne4 Nxe4 12. Bxe7 Qxe7 13. Qxe4 Nf6 14. Qe2
O-O 15. Rfe1 a6 16. c4 b5 17. Rad1 Qb7 18. b3 Rfd8 19. Qc2 Rac8 20. Qe2 h6 21.
h3 b4 22. Ne5 Nd7 23. Nxf7 Kxf7 24. Qxe6+ Kf8 25. Qd6+ Kg8 26. Re7 Qc7 27. Qe6+
Kh8 28. Qf7 Rg8 29. Rxd7 Qa5 30. Re1 Qxa2 31. Re6 Qb1+ 32. Kh2 Rcf8 33. Qg6
Qxg6 34. Rxg6 Rxf2 35. Rxc6 Rb2 36. Rxa6 Rxb3 37. Rb6 Rc8 38. c5 Rb1 39. Rdb7
b3 40. Rxb3 Rd1 41. Rc3 Rxd4 42. c6 Kh7 43. Rg3 Rg8 44. Rc3 Rc8 45. Rd7 Rxc6
46. Rxg7+ Kxg7 47. Rxc6 Rd3 48. h4 Re3 49. g3 Re2+ 50. Kh3 Re4 51. h5 Rd4 52.
Rg6+ Kh7 53. Rg4 Rd2 54. Rf4 Rd7 55. Kg4 Kg7 56. Re4 Kf7 57. Kh4 Rd1 58. g4 Rf1
59. Kg3 Rb1 60. Rc4 Rb7 61. Kf4 Ra7 62. g5 hxg5+ 63. Kxg5 Ra5+ 64. Kh4 Kg7
1/2-1/2

[Event "Interclubs Adultes"]
[Site "?"]
[Date "2004.02.01"]
[Round "5.1"]
[White "Cizeron, Frederic"]
[Black "Martin, Bruno"]
[Result "1-0"]
[WhiteElo "2080"]
[BlackElo "2030"]
[PlyCount "57"]
[EventDate "2004.??.??"]

1. d4 d5 2. Nf3 e6 3. Bg5 Nf6 4. e3 Be7 5. c4 O-O 6. Nc3 h6 7. Bh4 b6 8. cxd5
exd5 9. Bd3 Be6 10. Rc1 c5 11. Ne5 c4 12. Bb1 g5 13. Bg3 Nfd7 14. Qh5 Kg7 15.
f4 Nxe5 16. fxg5 Nd3+ 17. Bxd3 Bxg5 18. Be5+ Bf6 19. O-O Bxe5 20. Qxe5+ Kg8 21.
Rf3 Re8 22. Bf5 Nc6 23. Rg3+ Kf8 24. Qg7+ Ke7 25. Bxe6 Kxe6 26. Rf1 Rf8 27.
Qxh6+ f6 28. Qh3+ f5 29. Rg6+ 1-0

[Event "Interclubs Adultes"]
[Site "?"]
[Date "2004.02.01"]
[Round "5.2"]
[White "Rasle, Jean-Michel"]
[Black "Mujic, Saban"]
[Result "1/2-1/2"]
[WhiteElo "1720"]
[BlackElo "1940"]
[PlyCount "128"]
[EventDate "2004.??.??"]

1. d4 d5 2. c4 e6 3. Nc3 Nf6 4. Bg5 Be7 5. Nf3 Nbd7 6. e3 O-O 7. Rc1 c5 8. cxd5
exd5 9. dxc5 Qa5 10. Be2 Bxc5 11. O-O Be7 12. Qc2 a6 13. Rfd1 h6 14. Bh4 b6 15.
Rd4 Bb7 16. Nd2 b5 17. Bf3 Rac8 18. Qf5 b4 19. Nb3 Qd8 20. Nxd5 Rxc1+ 21. Nxc1
Bxd5 22. Bxd5 Qc7 23. Bc4 Nb6 24. b3 Nxc4 25. Rxc4 Qd6 26. Qd3 Qe6 27. Ne2 Rd8
28. Nd4 Qd5 29. Qc2 g5 30. Bg3 Ne4 31. Bc7 Rd7 32. Rc6 Bd6 33. Bxd6 Rxd6 34.
Rxd6 Nxd6 35. Qc6 Qe4 36. Qxe4 Nxe4 37. Nc6 a5 38. Nxa5 Nc3 39. Nc6 Nxa2 40. g4
Nc1 41. Nxb4 Nxb3 42. f4 Nd2 43. Kg2 Kg7 44. Nd5 Ne4 45. h4 f6 46. hxg5 hxg5
47. f5 Kf7 48. Nb4 Ke7 49. Nd3 Kd6 50. Kf3 Nd2+ 51. Ke2 Ne4 52. Nf2 Nc5 53. e4
Nd7 54. Nd3 Nf8 55. Ke3 Nd7 56. Kd4 Ke7 57. e5 fxe5+ 58. Nxe5 Nf6 59. Kd3 Kd6
60. Nc4+ Kd5 61. Ne3+ Ke5 62. Nc4+ Kf4 63. Ne3 Nxg4 64. Nxg4 Kxf5 1/2-1/2

[Event "Interclubs Adultes"]
[Site "?"]
[Date "2004.02.01"]
[Round "5.3"]
[White "Ollier, Michel"]
[Black "Ancian, Michel"]
[Result "1-0"]
[WhiteElo "1980"]
[BlackElo "1470"]
[PlyCount "43"]
[EventDate "2004.??.??"]

1. e4 d5 2. exd5 Nf6 3. d4 Nxd5 4. c4 Nb4 5. Qa4+ N8c6 6. d5 b5 7. Qd1 Nd4 8.
Na3 e5 9. Be3 Bc5 10. Ne2 Qe7 11. Nc1 Bf5 12. Bd3 e4 13. Bb1 Nd3+ 14. Nxd3 exd3
15. Bxd3 Bxd3 16. Qxd3 O-O 17. O-O Bxa3 18. bxa3 bxc4 19. Qxd4 Qxa3 20. Qxc4
Rfe8 21. Qxc7 Rac8 22. Qxa7 1-0

[Event "Interclubs Adultes"]
[Site "?"]
[Date "2004.02.01"]
[Round "5.4"]
[White "Berge, Pierre"]
[Black "Bellon, Yves"]
[Result "0-1"]
[WhiteElo "1540"]
[BlackElo "1880"]
[PlyCount "64"]
[EventDate "2004.??.??"]

1. c4 c5 2. g3 d5 3. cxd5 Qxd5 4. Nf3 Nc6 5. Bg2 e5 6. Nc3 Qd8 7. O-O Nf6 8. e3
Bf5 9. Qa4 Qd7 10. Re1 Bd3 11. b3 a6 12. Qa3 Bd6 13. Ng5 Nb4 14. Rd1 Nc2 15.
Qb2 Nxa1 16. Qxa1 O-O 17. Nd5 Nxd5 18. Bxd5 h6 19. Ne4 Qg4 20. f3 Qxf3 21. Nc3
e4 22. Bb2 Kh7 23. Re1 Rae8 24. Nd1 Bxg3 25. hxg3 Qxg3+ 26. Kh1 Qxe1+ 27. Kh2
Qxd2+ 28. Kg3 Be2 29. Nf2 Qxe3+ 30. Kg2 Qf3+ 31. Kg1 Qg3+ 32. Kh1 Bf3# 0-1

[Event "Interclubs Adultes"]
[Site "?"]
[Date "2004.02.01"]
[Round "5.5"]
[White "Bednar, Emile"]
[Black "Mech, Emmanuel"]
[Result "1-0"]
[WhiteElo "1840"]
[BlackElo "1530"]
[PlyCount "103"]
[EventDate "2004.??.??"]

1. e4 c5 2. f4 Nc6 3. Nf3 e6 4. Be2 b6 5. d3 Be7 6. O-O Bb7 7. Nbd2 Nf6 8. e5
Nd5 9. Ne4 h6 10. c4 Nc7 11. Be3 d6 12. Qa4 Qd7 13. Qc2 f5 14. Nxd6+ Bxd6 15.
exd6 Qxd6 16. Qc3 Qe7 17. Ne5 Nxe5 18. Bh5+ g6 19. Qxe5 O-O-O 20. Be2 g5 21. a4
g4 22. a5 h5 23. axb6 axb6 24. b4 Na6 25. Rxa6 Bxa6 26. bxc5 b5 27. Ra1 Bb7 28.
Ra7 Qc7 29. cxb5 Qxe5 30. fxe5 Kb8 31. c6 Rh7 32. b6 Rd5 33. cxb7 Rxb7 34. Ra4
Rxe5 35. Bf4 Rxb6 36. d4 Kb7 37. Bxe5 Kc6 38. h3 Rb3 39. hxg4 hxg4 40. Bc4 Rb1+
41. Kh2 Kd7 42. Ra6 Re1 43. Rd6+ Ke7 44. Rxe6+ Kd7 45. Rg6 Ke7 46. Rg7+ Kf8 47.
Rf7+ Ke8 48. Ra7 Kd8 49. Bb5 Re3 50. Bc7+ Kc8 51. Ba6+ Kd7 52. Bf4+ 1-0

[Event "Interclubs Adultes"]
[Site "?"]
[Date "2004.02.01"]
[Round "5.6"]
[White "Degaches, Yves"]
[Black "Massard, Christian"]
[Result "0-1"]
[WhiteElo "1530"]
[BlackElo "1830"]
[PlyCount "105"]
[EventDate "2004.??.??"]

1. d4 g6 2. e3 Bg7 3. Bd3 d5 4. f4 Nf6 5. Nf3 O-O 6. Nbd2 Nbd7 7. O-O c5 8. c3
c4 9. Bc2 b5 10. Ne5 Nxe5 11. fxe5 Bg4 12. Qe1 Ne8 13. h3 Bd7 14. Nf3 f5 15.
Qh4 h6 16. Bd2 g5 17. Qg3 Nc7 18. h4 g4 19. Nh2 h5 20. Qf4 e6 21. g3 Qe7 22. a3
a5 23. Rfb1 Ra7 24. Nf1 Be8 25. Be1 Bg6 26. Nd2 a4 27. Nf1 Kh7 28. Qf2 Na6 29.
Bd2 Nb8 30. Rc1 Nc6 31. Rab1 Na5 32. Nh2 Bh6 33. Rd1 Nb3 34. Be1 Qe8 35. Nf1
Raf7 36. Nd2 Kg7 37. Qe2 Bxe3+ 38. Kh2 f4 39. Bxg6 Kxg6 40. Nxb3 axb3 41. Kh1
Qe7 42. Bd2 Bxd2 43. Qxd2 fxg3 44. Qg5+ Qxg5 45. hxg5 Rf2 46. Kg1 h4 47. Rf1 h3
48. Rxf2 Rxf2 49. Rf1 Rxf1+ 50. Kxf1 Kxg5 51. Kg1 Kf4 52. Kh1 Kf3 53. Kg1 0-1

[Event "Interclubs Adultes"]
[Site "?"]
[Date "2004.02.01"]
[Round "5.7"]
[White "Vier, Serge"]
[Black "Lefevre, Margaux"]
[Result "1-0"]
[WhiteElo "1730"]
[BlackElo "1520"]
[PlyCount "45"]
[EventDate "2004.??.??"]

1. d4 d5 2. c4 Nf6 3. cxd5 Nxd5 4. e4 Nb6 5. Nf3 Bg4 6. Be3 c6 7. Be2 Bxf3 8.
Bxf3 e6 9. O-O Bd6 10. Nc3 f5 11. Qb3 Qd7 12. exf5 exf5 13. Rfe1 Kd8 14. Bg5+
Kc7 15. Rac1 a6 16. Bd2 Qd8 17. Nd5+ Nxd5 18. Bxd5 Qf6 19. Ba5+ Kc8 20. Be6+
Nd7 21. Bxd7+ Kxd7 22. Qxb7+ Bc7 23. Qxc7# 1-0

[Event "Interclubs Adultes"]
[Site "?"]
[Date "2004.02.01"]
[Round "5.8"]
[White "Martignago, Clement"]
[Black "Vinot, Raoul"]
[Result "0-1"]
[WhiteElo "1199"]
[BlackElo "1580"]
[PlyCount "87"]
[EventDate "2004.??.??"]

1. e4 e5 2. Nf3 Nc6 3. Bc4 Bc5 4. c3 Nf6 5. d4 exd4 6. cxd4 Bb4+ 7. Bd2 O-O 8.
e5 Qe7 9. O-O Ng4 10. h3 Bxd2 11. Qxd2 Nh6 12. Nc3 d6 13. Nd5 Qd8 14. Nf6+ Kh8
15. Bd3 Bf5 16. Bxf5 Nxf5 17. Ng4 Qe7 18. Rfe1 Rad8 19. Qf4 Qd7 20. Re2 Nce7
21. Ng5 Ng6 22. Qe4 d5 23. Qd3 Nf4 24. Qd2 Nxe2+ 25. Qxe2 Nxd4 26. Qd3 Nf5 27.
Ne3 g6 28. Re1 Nxe3 29. Rxe3 Qe7 30. e6 Qxg5 31. e7 Rfe8 32. Qd4+ Kg8 33.
exd8=Q Qxd8 34. Qxa7 Rxe3 35. Qxe3 d4 36. Qd3 c5 37. Kf1 b5 38. Ke2 Qd5 39. a3
Kg7 40. g4 c4 41. Qd1 d3+ 42. Kd2 Qd4 43. Qc1 Qxf2+ 44. Kc3 0-1

[Event "Interclubs Adultes"]
[Site "?"]
[Date "2004.02.01"]
[Round "5.1"]
[White "Colas, Yves"]
[Black "Thevenet, Yann"]
[Result "0-1"]
[WhiteElo "1975"]
[BlackElo "2138"]
[PlyCount "50"]
[EventDate "2004.??.??"]

1. d4 e5 2. dxe5 Nc6 3. Nf3 Nge7 4. e3 Ng6 5. e6 fxe6 6. Nd4 e5 7. Nxc6 bxc6 8.
Bd3 d5 9. c3 e4 10. Be2 Bd6 11. b3 Qg5 12. g3 Bh3 13. Bh5 O-O 14. Ba3 Ne5 15.
Be2 Qf5 16. Bxd6 Qxf2+ 17. Kd2 cxd6 18. Na3 Rf3 19. Nc2 Nd3 20. Qg1 Bg2 21.
Qxf2 Rxf2 22. Rhe1 Raf8 23. h4 Rxe2+ 24. Kxe2 Rf2+ 25. Kd1 Bf3+ 0-1

[Event "Interclubs Adultes"]
[Site "?"]
[Date "2004.02.01"]
[Round "5.2"]
[White "Vernay, Denis"]
[Black "Bourdon, Philippe"]
[Result "0-1"]
[WhiteElo "1931"]
[BlackElo "1969"]
[PlyCount "86"]
[EventDate "2004.??.??"]

1. c4 Nf6 2. Nf3 e6 3. g3 d5 4. cxd5 exd5 5. Bg2 Bd6 6. Nc3 c6 7. d4 h6 8. a3
O-O 9. O-O Re8 10. e3 Bf5 11. b4 Ne4 12. Qb3 Nxc3 13. Qxc3 Nd7 14. Nd2 a5 15.
Bb2 Qb6 16. bxa5 Qxa5 17. Rfc1 Nb6 18. Qb3 Na4 19. Bc3 Nxc3 20. Rxc3 Bb4 21.
Rcc1 Bxd2 22. Rc5 Qa7 23. Ra2 Ba5 24. Rb2 Reb8 25. f3 Be6 26. h4 Bc7 27. g4
Qxa3 28. Qxa3 Rxa3 29. Kf2 Bc8 30. g5 hxg5 31. hxg5 Rba8 32. f4 Ra2 33. Rcc2
Rxb2 34. Rxb2 g6 35. Rb3 Ra4 36. Bf1 Ba5 37. Bd3 b5 38. Kf3 Bf5 39. Bb1 Bxb1
40. Rxb1 Bc3 41. Kg4 Ra1 42. Rb3 b4 43. Kf3 Kf8 0-1

[Event "Interclubs Adultes"]
[Site "?"]
[Date "2004.02.01"]
[Round "5.3"]
[White "Vidalinc, Jean-Louis"]
[Black "Merle, Florent"]
[Result "1-0"]
[WhiteElo "2040"]
[BlackElo "1980"]
[PlyCount "105"]
[EventDate "2004.??.??"]

1. e4 e6 2. d3 d5 3. Qe2 d4 4. Nf3 c5 5. g3 Nf6 6. Bg2 Nc6 7. e5 Nd7 8. O-O Qc7
9. Re1 Be7 10. c4 Rb8 11. Nbd2 g5 12. g4 h5 13. h3 hxg4 14. hxg4 b6 15. Nf1 Bb7
16. Ng3 Nb4 17. a3 Bxf3 18. Bxf3 Nc6 19. Bxc6 Qxc6 20. Bd2 Nf8 21. f3 Ng6 22.
Nh5 Nh4 23. Kf2 Kd7 24. b4 Rbg8 25. bxc5 Qxc5 26. Bb4 Qc6 27. Qe4 Qc7 28. Qxd4+
Ke8 29. Qe3 Nf5 30. Qe4 Bc5+ 31. Bxc5 Qxc5+ 32. d4 Nxd4 33. Nf6+ Ke7 34. Qb7+
Kf8 35. Nd7+ Kg7 36. Nxc5 Rh2+ 37. Ke3 bxc5 38. Rh1 Nc2+ 39. Kd3 Rgh8 40. Rxh2
Rxh2 41. Rd1 Nd4 42. Rd2 Rh3 43. Rf2 a5 44. Qe4 a4 45. Kc3 Rh1 46. Kb2 Rh3 47.
f4 gxf4 48. Qxf4 Rb3+ 49. Ka2 Rb7 50. Qf6+ Kf8 51. Rh2 Ke8 52. Rh8+ Kd7 53.
Qxf7+ 1-0

[Event "Interclubs Adultes"]
[Site "?"]
[Date "2004.02.01"]
[Round "5.4"]
[White "Montoya, Alain"]
[Black "Wagner, Bruno"]
[Result "1-0"]
[WhiteElo "1680"]
[BlackElo "1928"]
[PlyCount "39"]
[EventDate "2004.??.??"]

1. e4 e5 2. Nf3 Nc6 3. Bc4 Nf6 4. Ng5 Bc5 5. Nxf7 Bxf2+ 6. Kf1 Qe7 7. Nxh8 d5
8. exd5 Nd4 9. c3 Qc5 10. d3 Nf5 11. Qe2 Be3 12. Nd2 h5 13. Ne4 Nxe4 14. dxe4
Bxc1 15. exf5 Be3 16. Qxh5+ Kd8 17. Nf7+ Ke7 18. Nxe5 b5 19. Qf7+ Kd8 20. Nc6+
1-0

[Event "Interclubs Adultes"]
[Site "?"]
[Date "2004.02.01"]
[Round "5.5"]
[White "Anthoine-Milhomme, Jean-Pierre"]
[Black "Hurault, Frederic"]
[Result "1-0"]
[WhiteElo "1960"]
[BlackElo "1700"]
[PlyCount "70"]
[EventDate "2004.??.??"]

1. d4 d5 2. c4 dxc4 3. Nf3 Nf6 4. Nc3 c6 5. e4 Bg4 6. Bxc4 e6 7. Bg5 Be7 8. Qd2
Nbd7 9. O-O-O b5 10. Bd3 h6 11. Be3 Qa5 12. Kb1 b4 13. Ne2 e5 14. dxe5 Nxe5 15.
Nxe5 Qxe5 16. f4 Qa5 17. Rc1 c5 18. Qc2 Rc8 19. h3 Be6 20. b3 O-O 21. f5 Bd7
22. Bc4 Rfe8 23. e5 Nh7 24. Nf4 Rc6 25. e6 fxe6 26. fxe6 Bc8 27. Qg6 Rf8 28.
Nh5 Bf6 29. e7+ Be6 30. exf8=Q+ Kxf8 31. Qxh7 Bxc4 32. Rxc4 Ra6 33. Bxc5+ Kf7
34. Qc2 Re6 35. Nxf6 Rxf6 1-0

[Event "Interclubs Adultes"]
[Site "?"]
[Date "2004.02.01"]
[Round "5.6"]
[White "Thevenet, Quentin"]
[Black "Tissot, Alice"]
[Result "0-1"]
[WhiteElo "1480"]
[BlackElo "1930"]
[PlyCount "94"]
[EventDate "2004.??.??"]

1. e4 c5 2. Nf3 Nc6 3. Bc4 d6 4. d4 cxd4 5. Nxd4 Nf6 6. Nc3 e5 7. Nf3 Be7 8.
O-O O-O 9. Ng5 a6 10. f4 b5 11. Bxf7+ Rxf7 12. Nxf7 Kxf7 13. fxe5 Nxe5 14. Nd5
Bb7 15. Nxe7 Qxe7 16. Qd4 Kg8 17. Bg5 Ned7 18. Rfe1 Qe6 19. Bxf6 Nxf6 20. e5
dxe5 21. Rxe5 Qc6 22. Re2 Ne4 23. Qd3 Rc8 24. Qb3+ Kh8 25. Rf1 Qc5+ 26. Qe3
Qxe3+ 27. Rxe3 Kg8 28. c3 Rd8 29. Rf4 Rd1+ 30. Rf1 Rd2 31. b4 Nf6 32. Rf2 Rxf2
33. Kxf2 Ng4+ 34. Ke2 Nxe3 35. Kxe3 Bxg2 36. Kd4 Kf7 37. c4 bxc4 38. Kxc4 Bf1+
39. Kc5 Kf6 40. a4 g5 41. b5 axb5 42. axb5 Bg2 43. Kd4 Kf5 44. Ke3 Kg4 45. Kf2
Bb7 46. b6 Kh3 47. Kg1 g4 0-1

[Event "Interclubs Adultes"]
[Site "?"]
[Date "2004.02.01"]
[Round "5.7"]
[White "Chamba, Antoine"]
[Black "Dumont, Quentin"]
[Result "1-0"]
[WhiteElo "1990"]
[BlackElo "1430"]
[PlyCount "85"]
[EventDate "2004.??.??"]

1. e4 e6 2. d4 d5 3. e5 f6 4. Nf3 c5 5. c3 Nc6 6. Bd3 fxe5 7. Nxe5 cxd4 8. Qh5+
Ke7 9. Qf7+ Kd6 10. Bf4 Nxe5 11. cxd4 Qe7 12. Bxe5+ Kc6 13. Qf4 Qb4+ 14. Nc3 a6
15. a3 Qa5 16. b4 Bxb4 17. O-O Bxc3 18. Rac1 Kd7 19. Bxg7 Bd2 20. Qf7+ Ne7 21.
Bxh8 Bxc1 22. Rxc1 Qd2 23. Rc7+ Kxc7 24. Qxe7+ Kb8 25. Bf1 Qc1 26. Be5+ Ka7 27.
Bd6 Rb8 28. Qxh7 Qc3 29. Bxb8+ Kxb8 30. Qg7 b6 31. h4 Qc1 32. h5 a5 33. h6 Ba6
34. h7 Qxf1+ 35. Kh2 Qxf2 36. h8=Q+ Bc8 37. Qe5+ Kb7 38. Qh7+ Ka6 39. Qec7 Bb7
40. Qxb7+ Kb5 41. Qd3+ Ka4 42. Qc6+ b5 43. Qcxb5# 1-0

[Event "Interclubs Adultes"]
[Site "?"]
[Date "2004.02.01"]
[Round "5.1"]
[White "Andrez, Marc-Olivier"]
[Black "Rossi, Giovanni"]
[Result "1-0"]
[WhiteElo "2173"]
[BlackElo "1959"]
[PlyCount "55"]
[EventDate "2004.??.??"]

1. d4 Nf6 2. Bg5 Ne4 3. Bf4 c5 4. f3 Qa5+ 5. c3 Nf6 6. d5 e6 7. e4 exd5 8. exd5
d6 9. Qd2 Na6 10. c4 Nb4 11. Nc3 Bf5 12. Rc1 Kd7 13. a3 Re8+ 14. Kf2 Na6 15. g4
Bg6 16. Bh3 Kd8 17. Nge2 Nd7 18. Ng3 h5 19. g5 h4 20. Nf5 Ne5 21. Rhe1 f6 22.
Bxe5 fxe5 23. Qe3 Nb8 24. b4 Qxa3 25. Ra1 Qb2+ 26. Ne2 e4 27. Reb1 Qe5 28. f4
1-0

[Event "Interclubs Adultes"]
[Site "?"]
[Date "2004.02.01"]
[Round "5.3"]
[White "Alvarez, Stephane"]
[Black "Tartarin, Didier"]
[Result "1-0"]
[WhiteElo "2007"]
[BlackElo "1930"]
[PlyCount "59"]
[EventDate "2004.??.??"]

1. e4 e5 2. Nf3 Nc6 3. Bc4 Bc5 4. c3 Nf6 5. d4 exd4 6. cxd4 Bb4+ 7. Nc3 d6 8.
O-O Bxc3 9. bxc3 O-O 10. Bg5 h6 11. Bh4 Bg4 12. Qd3 Re8 13. Rfe1 a6 14. Bb3 Qe7
15. e5 Bxf3 16. Bxf6 Qf8 17. Bc2 g6 18. Qxf3 dxe5 19. dxe5 Re6 20. Qg4 Ne7 21.
f4 Kh7 22. Rad1 Re8 23. Rd7 Rxf6 24. exf6 Nf5 25. Rf1 h5 26. Qg5 Qc5+ 27. Kh1
Kg8 28. Bxf5 Qb5 29. Bd3 Qxd7 30. Qh6 1-0

[Event "Interclubs Adultes"]
[Site "?"]
[Date "2004.02.01"]
[Round "5.4"]
[White "Cortes, Jaime"]
[Black "Dubois, Herve"]
[Result "1/2-1/2"]
[WhiteElo "1850"]
[BlackElo "1975"]
[PlyCount "110"]
[EventDate "2004.??.??"]

1. d4 Nf6 2. c4 e6 3. Nc3 Bb4 4. Nf3 b6 5. a3 Bxc3+ 6. bxc3 Ba6 7. e3 O-O 8.
Be2 Nc6 9. O-O Na5 10. Nd2 Rc8 11. e4 d6 12. f4 Qe7 13. a4 Rfd8 14. Ba3 c5 15.
Rc1 Qd7 16. d5 exd5 17. exd5 Re8 18. Bd3 Re3 19. Qc2 Rce8 20. Rf2 h6 21. Rcf1
Ng4 22. Bf5 Qe7 23. Bxg4 Qf6 24. Bb2 Nxc4 25. Nxc4 Bxc4 26. Bd7 Bxf1 27. Bxe8
Bc4 28. Bxf7+ Qxf7 29. h3 Qxd5 30. Kh2 Qe4 31. Qxe4 Rxe4 32. f5 Kf7 33. Bc1 Re2
34. Rxe2 Bxe2 35. Bf4 d5 36. Bb8 d4 37. cxd4 cxd4 38. Kg1 a6 39. Ba7 d3 40. Kf2
b5 41. axb5 axb5 42. Bd4 Bd1 43. Ke3 Bc2 44. Bc3 d2 45. Bxd2 Bxf5 46. Kf4 Be6
47. h4 h5 48. Ke5 Bg4 49. Bb4 Ke8 50. Kd6 Be2 51. g3 g6 52. Ba5 Kf7 53. Bc3 Bd3
54. Kc5 Ke6 55. Kb4 Kd5 1/2-1/2

[Event "Interclubs Adultes"]
[Site "?"]
[Date "2004.02.01"]
[Round "5.5"]
[White "Darcet, Bruno"]
[Black "Radawiec, William"]
[Result "1-0"]
[WhiteElo "1830"]
[BlackElo "1780"]
[PlyCount "49"]
[EventDate "2004.??.??"]

1. e4 c5 2. c3 Nc6 3. d4 cxd4 4. cxd4 e6 5. Nc3 Bb4 6. Nf3 Nf6 7. Bd3 O-O 8.
O-O d5 9. e5 Nd7 10. Bxh7+ Kxh7 11. Ng5+ Kg6 12. Qg4 f5 13. Qh4 Nf6 14. exf6
Kxf6 15. Qh5 g6 16. Nge4+ Kf7 17. Qh7+ Ke8 18. Qxg6+ Kd7 19. Bg5 Be7 20. Nc5+
Kc7 21. Bf4+ Kb6 22. N3a4+ Kb5 23. Qg3 Bxc5 24. Nxc5 b6 25. Qd3+ 1-0

[Event "Interclubs Adultes"]
[Site "?"]
[Date "2004.02.01"]
[Round "5.6"]
[White "Chanove, Bruno"]
[Black "Trouillet, Francois"]
[Result "0-1"]
[WhiteElo "1570"]
[BlackElo "1830"]
[PlyCount "78"]
[EventDate "2004.??.??"]

1. e4 c5 2. Nf3 Nc6 3. d4 cxd4 4. Nxd4 Nf6 5. Nxc6 bxc6 6. Bd3 e5 7. Bg5 Be7 8.
Nd2 O-O 9. O-O d5 10. h3 Be6 11. c3 Qb6 12. Qc2 h6 13. Bh4 Rfe8 14. Rfe1 Nxe4
15. Nxe4 Bxh4 16. Nd6 e4 17. Nxe8 exd3 18. Nf6+ Bxf6 19. Qxd3 Qxb2 20. Rab1
Qxc3 21. Qa6 Bd4 22. Re2 Bf5 23. Rd1 Rb8 24. Kh2 Rb2 25. Rde1 Rxe2 26. Qxe2 Be6
27. Rb1 Bb6 28. Qf1 Qd2 29. a4 Qf4+ 30. Kh1 Qxa4 31. Rc1 c5 32. Qe1 c4 33. Qe5
Qd7 34. f4 Bxh3 35. Rf1 Bf5 36. Rf3 Qe6 37. Qb8+ Kh7 38. Rg3 Qe1+ 39. Kh2 Qg1#
0-1

[Event "Interclubs Adultes"]
[Site "?"]
[Date "2004.02.01"]
[Round "5.7"]
[White "Charbonnier, Christophe"]
[Black "L'Hermitte, Benjamin"]
[Result "1/2-1/2"]
[WhiteElo "1730"]
[BlackElo "1640"]
[PlyCount "162"]
[EventDate "2004.??.??"]

1. e4 c5 2. Nc3 Nc6 3. g3 g6 4. Bg2 Bg7 5. d3 d6 6. Nge2 Nf6 7. O-O O-O 8. f4
Bg4 9. h3 Bd7 10. Nd5 Nxd5 11. exd5 Nd4 12. c3 Nxe2+ 13. Qxe2 Re8 14. Bd2 e6
15. Qf3 exd5 16. Qxd5 Bc6 17. Qc4 b5 18. Qb3 Bxg2 19. Kxg2 Qb6 20. Qd5 c4 21.
d4 Re2+ 22. Rf2 Rae8 23. Kf1 R2e6 24. Re1 a6 25. Rfe2 Rxe2 26. Rxe2 Qd8 27.
Rxe8+ Qxe8 28. Qxd6 Qe4 29. Qd8+ Bf8 30. Qg5 Qd3+ 31. Ke1 Qb1+ 32. Ke2 Qd3+ 33.
Kd1 Qf1+ 34. Be1 Qd3+ 35. Kc1 Qe3+ 36. Bd2 Qg1+ 37. Kc2 Qf1 38. Qg4 Qd3+ 39.
Kd1 Qb1+ 40. Bc1 Qd3+ 41. Ke1 Qe4+ 42. Qe2 Qh1+ 43. Qf1 Qxf1+ 44. Kxf1 f5 45.
Ke2 Kf7 46. Kf3 Ke6 47. Be3 Kd5 48. Bf2 a5 49. g4 a4 50. a3 b4 51. axb4 Bxb4
52. Be1 a3 53. bxa3 Bxa3 54. Bd2 Bb2 55. Ke3 Ba3 56. Be1 Bc1+ 57. Kf3 Ba3 58.
Ke3 Bc1+ 59. Kf3 Ba3 60. Ke3 Be7 61. Bg3 Ba3 62. Be1 Be7 63. Bg3 Ba3 64. Be1
Bd6 65. Bg3 Bf8 66. Be1 Bg7 67. Bh4 Bf8 68. Bd8 Ba3 69. Ba5 Bc1+ 70. Kf3 Bd2
71. Bb4 Ke6 72. Ba5 Kd5 73. Bb4 Be1 74. Ke3 Bh4 75. Kf3 h6 76. gxf5 gxf5 77.
Ke3 h5 78. Kf3 Be1 79. Ke3 Ke6 80. Ke2 Bg3 81. Kf3 Bh4 1/2-1/2

[Event "Interclubs Adultes"]
[Site "?"]
[Date "2004.02.01"]
[Round "5.8"]
[White "Colovray, Anthony"]
[Black "Barsanian, Karine"]
[Result "0-1"]
[WhiteElo "1570"]
[BlackElo "1570"]
[PlyCount "146"]
[EventDate "2004.??.??"]

1. e4 e6 2. d4 d5 3. exd5 exd5 4. Bd3 Nf6 5. Nf3 Bd6 6. Be3 O-O 7. O-O Bg4 8.
h3 Bh5 9. Nbd2 Nbd7 10. c3 c6 11. Re1 Qc7 12. Qc2 Rfe8 13. a3 Bg6 14. Bxg6 hxg6
15. Bg5 Nh5 16. a4 Nf4 17. Bxf4 Bxf4 18. g3 Bd6 19. Kg2 Nf6 20. b3 Re7 21. Rxe7
Qxe7 22. Re1 Qc7 23. b4 a5 24. bxa5 Qxa5 25. Rb1 Qa6 26. Qb3 Rb8 27. c4 Bc7 28.
cxd5 Nxd5 29. Ne5 Bxe5 30. dxe5 Qe2 31. Nf3 b5 32. Re1 Qc4 33. Qxc4 bxc4 34.
Rc1 c3 35. Nd4 Rb4 36. Nxc6 Rxa4 37. Kf3 Rc4 38. Na5 Ra4 39. Nc6 Ra2 40. Ke4
Nb6 41. Rxc3 Rxf2 42. Rb3 Nc4 43. Kd4 Nb2 44. Ne7+ Kf8 45. Nc6 Ke8 46. Rb7 Rh2
47. Kc5 Rc2+ 48. Kb6 Rd2 49. Ka6 Nc4 50. Re7+ Kf8 51. Kb5 Ne3 52. Rc7 Rd5+ 53.
Kb4 Rxe5 54. Rxf7+ Kxf7 55. Nxe5+ Kf6 56. Nf3 Kf5 57. Nd2 Nd1 58. Kc4 Nf2 59.
h4 Kg4 60. Nf1 Ne4 61. Kd3 Nxg3 62. Nxg3 Kxg3 63. Ke4 Kxh4 64. Kf3 Kh3 65. Kf4
Kh4 66. Kf3 g5 67. Kg2 Kg4 68. Kh2 Kf3 69. Kh3 g4+ 70. Kh2 Kf2 71. Kh1 g5 72.
Kh2 g3+ 73. Kh3 g2 0-1